Advertising, management, and society <a> business point of view

Salvato in:
Dettagli Bibliografici
Autore principale: Nicosia, Francesco M.
Natura: Libro
Lingua:inglese
Pubblicazione: New York McGraw-Hill Book Company 1974
Soggetti:
Tags: Aggiungi Tag
Nessun Tag, puoi essere il primo ad aggiungerne!!

MARC

LEADER 00000nam a2200000 4500
001 c124638
005 20221123135040.5
020 |a 0-07-0466527-4 
041 0 |a eng 
044 |a US 
245 1 0 |a Advertising, management, and society  |b <a> business point of view  |c Francesco M. Nicosia 
264 1 |a New York  |b McGraw-Hill Book Company  |c 1974 
300 |a 386 s. 
610 2 0 |a reklama 
610 2 0 |a propagácia 
610 2 0 |a manažment 
610 2 0 |a riadenie 
610 2 0 |a spoločnosť 
610 2 0 |a podnik 
610 2 0 |a podnikanie 
100 1 |a Nicosia, Francesco M.